Gestión de la calidad en el sector público / (Registro nro. 3442)

Detalles MARC
000 -LEADER
fixed length control field 01417nam a2200253Ia 4500
003 - CONTROL NUMBER IDENTIFIER
control field OSt
005 - DATE AND TIME OF LATEST TRANSACTION
control field 20210105094312.0
008 - FIXED-LENGTH DATA ELEMENTS--GENERAL INFORMATION
fixed length control field 191128t2009 ck grl 000 0 spa d
020 ## - INTERNATIONAL STANDARD BOOK NUMBER
International Standard Book Number 9789588585055
040 ## - CATALOGING SOURCE
Original cataloging agency CO-JMCR
Transcribing agency CO-JMCR
041 0# - LANGUAGE CODE
Language code of text/sound track or separate title spa
082 04 - DEWEY DECIMAL CLASSIFICATION NUMBER
Classification number 658.568 /
Item number I597g
Edition number 23
110 2# - MAIN ENTRY--CORPORATE NAME
Corporate name or jurisdiction name as entry element Instituto Colombiano de Normas Técnicas y Certificación
9 (RLIN) 2169
245 10 - TITLE STATEMENT
Title Gestión de la calidad en el sector público /
Statement of responsibility, etc. Icontec
260 ## - PUBLICATION, DISTRIBUTION, ETC.
Place of publication, distribution, etc. [Bogotá] :
Name of publisher, distributor, etc. Icontec,
Date of publication, distribution, etc. ©2009
300 ## - PHYSICAL DESCRIPTION
Extent 132 páginas ;
Dimensions 23 cm.
500 ## - GENERAL NOTE
General note Norma técnica de calidad en la gestión pública (NTCGP 1000 : 2009)
504 ## - BIBLIOGRAPHY, ETC. NOTE
Bibliography, etc. note Bibliografía: página 132
505 0# - FORMATTED CONTENTS NOTE
Formatted contents note Principios de gestión de la calidad para la rama ejecutiva del poder público y otras entidades prestadoras de servicios -- Compatibilidad con otros sistemas de gestión, de control, normas y políticas -- Aclaraciones relativas a la primera actualización de la norma técnica de calidad en la gestión pública -- Objeto y campo de aplicación -- Términos y definiciones -- Sistema de gestión de calidad -- Responsabilidad de la dirección -- Gestión de los recursos -- Realización del producto o prestación del servicio -- Medición, análisis y mejora
650 14 - SUBJECT ADDED ENTRY--TOPICAL TERM
Topical term or geographic name entry element Sector público
9 (RLIN) 12652
650 24 - SUBJECT ADDED ENTRY--TOPICAL TERM
Topical term or geographic name entry element Gestión pública
General subdivision control de calidad
9 (RLIN) 12653
651 #4 - SUBJECT ADDED ENTRY--GEOGRAPHIC NAME
Geographic name Colombia
Form subdivision normas técnicas
General subdivision administración pública
9 (RLIN) 12654
942 ## - ADDED ENTRY ELEMENTS (KOHA)
Source of classification or shelving scheme Dewey Decimal Classification
Koha item type Books
Existencias
Withdrawn status Lost status Source of classification or shelving scheme Damaged status Not for loan Collection code Home library Current library Date acquired Source of acquisition Full call number Barcode Date last seen Copy number Koha item type
    Dewey Decimal Classification     Non-fiction Biblioteca Pública José María del Castillo y Rada Biblioteca Pública José María del Castillo y Rada 04/11/2018 Donación 658.568 / I597g 201807293 05/16/2024 Ej.1 Books